000 00370pam a2200157a 44500
008 230515b2014 xxu||||| |||| 00| 0 eng d
020 _a8120000269
041 _aENGLISH
082 _a621.2/LAL
100 _aLAL JAGDISH
245 _aHYDRAULIC MACHINE
250 _a6TH
260 _aDHELI
_bMETROPOLITAN BOOK CO. LTD. .
_c2014
300 _a585P.
650 _aNULL
999 _c611279
_d611279